000 00375nam a2200157Ia 4500
008 210210b1956 xxu||||| |||| 00| 0 eng d
041 _aeng
082 _a330/26
100 _aBHANAGE (B S)
245 _aEconomic analysis
260 _aBombay
_bVora & Co Publishers Pvt Ltd.
_c1956
650 _aEconomic
650 _aanalysis
690 _aEconomics
906 _a003430
999 _c118660
_d118660